| 000 | 01219nam a2200337 a 4500 | ||
|---|---|---|---|
| 001 | 77166 | ||
| 003 | BD-RjUL | ||
| 005 | 20211209082931.0 | ||
| 008 | 200227s2005 inua b 001 0 eng d | ||
| 020 | _a1592574009 (alk. paper) | ||
| 035 | _a(BD-RjUL)77390 | ||
| 040 |
_aDLC _cDLC _dDLC _dBD-RjUL _beng |
||
| 041 | _aeng | ||
| 042 | _apcc | ||
| 082 |
_223 _a658.4012 _bMOC 2005 |
||
| 100 | 1 |
_aMoran, Gwen. _9240052 |
|
| 245 | 1 | 4 |
_aThe complete idiot's guide to business plans / _cGwen Moran and Sue Johnson. |
| 246 | 3 | 0 | _aBusiness plans |
| 246 | 3 | 0 | _aComplete idiot's guide |
| 260 |
_aIndianapolis, IN : _bAlpha Books, _cc2005. |
||
| 300 |
_axxi, 314 p. : _bill. ; _c24 cm. |
||
| 504 | _aIncludes bibliographical references and index. | ||
| 650 | 0 |
_aBusiness planning. _9240053 |
|
| 700 | 1 |
_aJohnson, Sue. _9240055 |
|
| 856 | 4 | 1 |
_3Table of contents only _uhttp://www.loc.gov/catdir/toc/fy0612/2005928079.html |
| 856 | 4 | 2 |
_3Contributor biographical information _uhttp://www.loc.gov/catdir/enhancements/fy0720/2005928079-b.html |
| 856 | 4 | 2 |
_3Publisher description _uhttp://www.loc.gov/catdir/enhancements/fy0720/2005928079-d.html |
| 942 |
_2ddc _cBK |
||
| 999 |
_c77166 _d77166 |
||